LEADER 02428nam 2200457z- 450 001 9910637800303321 005 20230320111247.0 010 $a9783863955595 035 $a(CKB)5470000001631570 035 $a(oapen)https://directory.doabooks.org/handle/20.500.12854/94644 035 $a(EXLCZ)995470000001631570 100 $a20202212d2022 |y e 101 0 $aeng 135 $aurmn|---annan 181 $ctxt$2rdacontent 182 $cc$2rdamedia 183 $acr$2rdacarrier 200 10$aInternational cooperation in competition law matters $ea closer look at trade agreements 210 $cUniversitätsverlag Göttingen$d2022 311 0 $a3-86395-559-5 330 $aThe study outlines the status quo of international cooperation in competition law matters. This is done by examining, in chronological order, the various approaches of the many multi- and bi-lateral international agreements that have attempted to solve the problems of competition law (WTO, GATT, etc.). Subsequently, the focus of this thesis is on the analysis of bilateral trade agreements. Within the framework of this analysis, the potential of trade agreements for competition law cooperation is to be shown. For this reason, only those bilateral trade agreements are analyzed that deal with the topic of regulatory cooperation in competition law in specially provided competition chapters. In doing so, the different stages of cooperation will be analyzed along the different integration phases of any trade agreements. The highest form of trade agreement integration ? customs unions ? will be dealt with separately, using the EU as an example. 517 1 $aInternational cooperation in competition law matters 606 $aLaw$2bicssc 606 $acompetition law$9eng$2EUROVOC 606 $ainternational cooperation$9eng$2EUROVOC 606 $amultilateral agreement$9eng$2EUROVOC 606 $atrade agreement$9eng$2EUROVOC 610 $amulti-lateral agreements 610 $abilateral trade agreements 610 $astages 610 $acooperation 615 7$aLaw 615 7$acompetition law. 615 7$ainternational cooperation. 615 7$amultilateral agreement. 615 7$atrade agreement. 700 $aGodt$b Anton$4auth$01287759 906 $aBOOK 912 $a9910637800303321 996 $aInternational Cooperation in Competition Law Matters$93020359 997 $aUNINA LEADER 03498nam 22005775 450 001 9910484024003321 005 20240509012847.0 010 $a9789811612367 010 $a9811612366 024 7 $a10.1007/978-981-16-1236-7 035 $a(CKB)4100000011881084 035 $a(MiAaPQ)EBC6550139 035 $a(Au-PeEL)EBL6550139 035 $a(OCoLC)1247655383 035 $a(PPN)259465631 035 $a(DE-He213)978-981-16-1236-7 035 $a(EXLCZ)994100000011881084 100 $a20210412d2021 u| 0 101 0 $aeng 135 $aurcnu|||||||| 181 $ctxt$2rdacontent 182 $cc$2rdamedia 183 $acr$2rdacarrier 200 10$aBangladesh in Bondage $eTarique Rahman, SQC, LB, and Other Essays /$fby Q M Jalal Khan 205 $a1st ed. 2021. 210 1$aSingapore :$cSpringer Nature Singapore :$cImprint: Palgrave Macmillan,$d2021. 215 $a1 online resource (201 pages) 311 08$a9789811612350 311 08$a9811612358 330 $aThis book brings together a collection of essays about the untenable political status quo in Bangladesh under Sheikh Hasina. Since democratization in the 1990s, Bangladeshi political life has been characterized by fierce battles over the role of religion in society, corruption, and the obstacles to constructing a society with freedom of expression and rule of law, independent from the influence of powerful neighboring countries. Academic freedom and other human rights issues have hindered the study of Bangladesh heretofore, and corruption, police abuses, and election rigging are common as well as widely documented. In this passionate, sometimes personal exploration of the issues of social justice, rule of law, and the democratic process in Bangladesh, the book offers a valuable case study of how an Asian developmental state is otherwise regressing backwards morally, socially, and politically. The Bangladeshi struggle for sovereignty, prosperity and democracy documented in this bookwill be of interest to political scientists, scholars of South Asia, and those of Islam. Dr Q M Jalal Khan is author of Bangladesh: A Divided Country and Bangladesh Divided: A Corrupt Police and Prison State. His work, "Sheikh Hasina's Brutal BNP-Phobia and Her Scandalous 'Midnight' Power Grab Through Vampire Vote Dacoity and Villainous 'S/Election' Rigging with an All-Time High Record of Humongous White-Collar Corruption" has appeared in Bangladesh: A Suffering People Under State Terrorism. His co-edited Begum Khaleda Zia: People's Leader of Bangladesh and India's Hegemonic Design in Bangladesh are among his more recent volumes. Forthcoming is his co-edited Zia, the Legend of Bangladesh. American-educated Dr Khan's numerous other publications include his literary criticism in books and articles. 606 $aAsia$xPolitics and government 606 $aHuman rights 606 $aDevelopment economics 606 $aAsian Politics 606 $aPolitics and Human Rights 606 $aDevelopment Economics 615 0$aAsia$xPolitics and government. 615 0$aHuman rights. 615 0$aDevelopment economics. 615 14$aAsian Politics. 615 24$aPolitics and Human Rights. 615 24$aDevelopment Economics. 676 $a954.9205 700 $aKhan$b Jalal Uddin$0851608 801 0$bMiAaPQ 801 1$bMiAaPQ 801 2$bMiAaPQ 906 $aBOOK 912 $a9910484024003321 996 $aBangladesh in bondage$91901350 997 $aUNINA LEADER 05924oam 2200793I 450 001 9910964514703321 005 20251116221010.0 010 $a1-136-96610-2 010 $a1-136-96611-0 010 $a1-283-04480-3 010 $a9786613044808 010 $a0-203-85097-1 024 7 $a10.4324/9780203850978 035 $a(CKB)2560000000058932 035 $a(EBL)667813 035 $a(OCoLC)706499384 035 $a(SSID)ssj0000473672 035 $a(PQKBManifestationID)12168224 035 $a(PQKBTitleCode)TC0000473672 035 $a(PQKBWorkID)10448217 035 $a(PQKB)10008963 035 $a(MiAaPQ)EBC667813 035 $a(Au-PeEL)EBL667813 035 $a(CaPaEBR)ebr10446799 035 $a(CaONFJC)MIL304480 035 $a(EXLCZ)992560000000058932 100 $a20180706d2011 uy 0 101 0 $aeng 135 $aur|n|---||||| 181 $ctxt 182 $cc 183 $acr 200 00$aTeacher preparation for bilingual student populations $eeducar para transformar /$fedited by Belinda Bustos Flores, Rosa Hernandez Sheets, Ellen Riojas Clark 205 $a1st ed. 210 1$aNew York :$cRoutledge,$d2011. 215 $a1 online resource (572 p.) 300 $aDescription based upon print version of record. 311 08$a0-415-87740-7 311 08$a0-415-87739-3 320 $aIncludes bibliographical references and index. 327 $aDedicacio?n; Contents; Foreword; Teacher Development: The Critical Factor in Addressing Education Well-Being; References; Preface; Intended Audience; Description; Organization; Part I: Transformacio?n; Part II: Iluminacio?n; Part III: Praxis; Part IV: Concientizacio?n; Part V: Revolucio?n; Conclusion; Acknowledgments; Part I Transformacio?n; 1 Dar Luz; Demographic Trends; Organizational Components; References; 2 Educar Para Transformar; Background; Generalists' Programs; Alternative Certification Programs (ACPs); Bilingual Teacher Shortage; Bilingual Education Teacher Preparation 327 $aExemplary Program CharacteristicsActualizing the Educar para Transformar Model; Educar para Transformar Model; Educar's Dimensions; Iluminacio?n; Beliefs, Identity, Efficacy; Bilingualism; Critical Reflexive Thinking; Cultural Competency; Praxis; Sociocultural Learning Theory; Pedagogical Knowledge; Evaluation/Assessment; Concientizacio?n; Socio-political Issues; Policies Matters; Apprenticeships; Transforming Teacher Preparation; Future Research Directions; References; Part II Iluminacio?n; 3 Identity; Literature; Ethnic Identities; Ethnic and Teacher Identity Conceptual Framework 327 $aBridging Ethnic Identity to Teacher IdentityMetamorphic Transformation Model; Metamorphosis: A Model of Change and Transformation; The Trajectory of Identity Formation of a Mexican American Bilingual Educator; Unexplored Identity: Who am I?; Exploration: Cultural Identity as a Way of Seeing and Understanding; Internal Change: Working Towards Becoming Culturally Efficacious; Paradigm Shift: Self-determination and Empowerment; Summary; Transforming Teacher Preparation; Research Directions; References; 4 Bilingual Education Candidate Ideology; Theoretical Framework; Teacher Candidates' Ideology 327 $aMotives for TeachingCandidate Efficacy; Candidate Epistemological Beliefs; Methodology; Context; South Texas; University; Participants; Design; Quantitative Data Collection; Qualitative Data Collection Process; Mixed-Methods Analysis; Results; Motives for Pursuing Bilingual Teacher Education; Giving Back to the Community; Positive Teacher Role Model; Familial Support of Career Choice; Personal Efficacy; Confidence; Perseverance; Personal Epistemology; Role of Knowledgeable Others; Language, Culture, and Learning Connections; Learning in One Language Facilitates Second Language Learning. 327 $aCultural Responsive Teaching BeliefsDeveloping Linguistic and Cultural Pride; Enthusiasm for Language and Literacy Learning; Discussion and Conclusion; Transforming Teacher Preparation; Research Directions; References; 5 Fostering Candidate Spanish Language Development; Theoretical Framework; Issues, Controversies, and Problems; Bilingual Education Professor Language Proficiency; Construction of New Knowledge in Academic Spanish; Solutions and Recommendations; Implications for the Improvement of Practice; Future Research Directions; References 327 $aTeaching Content Area Courses in Academic Spanish 330 $aThe growing number of bilingual students in public schools coupled with a critical shortage of teachers specially prepared to serve this population calls for a critical examination of policies and practices in bilingual and ESL teacher preparation. This volume focuses on understanding the structural, substantive, and contextual elements of preparation programs, and provides transformative guidelines for creating Educar signature programs. Designed to improve the practice of teacher preparation by promoting dialogic conversations and applications of praxis in the preparation of bili 606 $aEducation, Bilingual$zUnited States 606 $aEducation, Bilingual 606 $aLanguage teachers$xTraining of 606 $aMulticultural education$zUnited States 606 $aTeachers$xTraining of$zUnited States 615 0$aEducation, Bilingual 615 0$aEducation, Bilingual. 615 0$aLanguage teachers$xTraining of. 615 0$aMulticultural education 615 0$aTeachers$xTraining of 676 $a370.1175 676 $a370.71/1 701 $aClark$b Ellen Riojas$01876752 701 $aFlores$b Belinda Bustos$01876753 701 $aSheets$b Rosa Herna?ndez$01876754 801 0$bMiAaPQ 801 1$bMiAaPQ 801 2$bMiAaPQ 906 $aBOOK 912 $a9910964514703321 996 $aTeacher preparation for bilingual student populations$94488558 997 $aUNINA